[Event "Défi"]
[Site "www.echecsemail.com"]
[Date "2026.01.12"]
[Round "1"]
[White "Malvina"]
[Black "Kerenor"]
[WhiteElo "1280"]
[BlackElo "1590"]
[Result "0-1"]
1.e4 e5
2.d4 exd4
3.Qd1xd4 Nb8c6
4.Qd4d3 Nc6e5
5.Qd3g3 d6
6.Bc1f4 Ng8f6
7.Bf1b5 Bc8d7
8.Nb1c3 Ne5g6
9.Ng1e2 Nf6h5
10.Qg3f3 Nh5f6
11.Ne2d4 Bf8e7
12.O-O c6
13.Bb5a4 Qd8c7
14.Rf1e1 O-O
15.h3 b5
16.Ba4b3 c5
17.Nd4xb5 Bd7xb5
18.Nc3xb5 Qc7b6
19.Nb5c3 Ng6e5
20.Qf3g3 Nf6h5
21.Qg3e3 Ne5g6
22.Nc3d5 Qb6d8
23.Bf4h2 Be7g5
24.Qe3c3 Nh5f4
25.Nd5xf4 Bg5xf4
26.Qc3c4 Ng6e5
27.Qc4d5 Qd8g5
28.g3 Ne5f3
29.Kh1 Nf3xe1
30.Ra1xe1 Bf4e5
31.Kg2 Qg5f6
32.Re1e3 Be5xb2
33.Re3f3 Qf6g6
34.g4 Ra8e8
35.Bh2xd6 Re8d8
36.e5 Rd8e8
37.Bd6xf8 Re8xf8
38.Qd5xc5 Qg6g5
39.c4 Bb2xe5
40.Qc5xa7 Be5f4
41.Rf3d3 Qg5g6
42.c5 Qg6xd3
43.Bb3a4 Bf4e5
44.c6 Qd3e4
45.f3 Qe4f4
46.Kf2 Be5d4
47.Ke2 Bd4xa7
48.Ba4b3 Rf8e8
{ abandon }0-1

[Event "Défi"]
[Site "www.echecsemail.com"]
[Date "2026.01.12"]
[Round "1"]
[White "Roquefort"]
[Black "Killfish"]
[WhiteElo "1860"]
[BlackElo "1989"]
[Result "0-1"]
1.e4 c5
2.f4 d5
3.e5 d4
4.Ng1f3 Bc8f5
5.Bf1e2 Nb8c6
6.O-O e6
7.d3 Bf8e7
8.Nb1a3 f6
9.Nf3h4 Bf5g6
10.c3 Ng8h6
11.Nh4xg6 hxg6
12.Qd1b3 Qd8d7
13.Na3c4 Nh6f5
14.Be2f3 Ra8b8
15.Rf1f2 b5
16.Nc4a3 fxe5
17.fxe5 Nc6xe5
18.Bc1f4 Be7f6
19.c4 a6
20.cxb5 axb5
21.Qb3c2 Rb8c8
22.Qc2e2 Ne5xf3
23.Qe2xf3 c4
24.dxc4 bxc4
25.Rf2c2 e5
26.Bf4g3 d3
27.Rc2xc4 Rc8xc4
28.Na3xc4 Qd7d4
29.Bg3f2 Qd4xc4
30.Qf3a8 Bf6d8
31.Bf2b6 Kf7
32.Bb6xd8 Qc4d4
33.Kf1 Nf5g3
34.hxg3 Rh8h1
0-1

[Event "Coupe Niveau 4"]
[Site "www.echecsemail.com"]
[Date "2026.01.12"]
[Round "1"]
[White "Carrighir"]
[Black "Woluwe1975"]
[WhiteElo "2110"]
[BlackElo "1650"]
[Result "1-0"]
1.e4 c5
2.d4 e6
3.Ng1f3 a6
4.Bc1e3 cxd4
5.Nf3xd4 d5
6.Nb1c3 dxe4
7.Nc3xe4 Ng8f6
8.Bf1d3 Bf8e7
9.O-O O-O
10.Qd1e2 e5
11.Nd4f3 Nb8c6
12.Ra1d1 Qd8c7
13.Be3g5 Nf6xe4
14.Qe2xe4 f5
15.Bd3c4 Kh8
16.Qe4e2 e4
17.Bg5xe7 Qc7xe7
18.Nf3d4 Nc6xd4
19.Rd1xd4 b5
20.Bc4b3 Bc8b7
21.Rf1d1 Ra8d8
22.Qe2d2 Rd8xd4
23.Qd2xd4 e3
24.fxe3 Qe7g5
25.g3 h5
26.Qd4f4 Qg5g4
27.Qf4xg4 fxg4
28.Rd1d7 Bb7f3
29.a4 bxa4
30.Bb3xa4 Bf3e2
31.Rd7d5 Rf8f1
32.Kg2 Be2f3
33.Kxf1 Bf3xd5
34.Ke2 Bd5e4
35.c4 Kg8
36.b4 Kf7
37.Kd2 Ke7
38.Kc3 Kd6
39.Kd4 Be4f3
40.c5 Kc7
41.Ke5 { abandon }1-0

[Event "Défi( 10J+24H/c 10J Max )"]
[Site "www.echecsemail.com"]
[Date "2026.01.12"]
[Round "1"]
[White "Woluwe1975"]
[Black "Matsonic"]
[WhiteElo "1630"]
[BlackElo "1820"]
[Result "0-1"]
1.f4 d5
2.Ng1f3 Ng8f6
3.e3 g6
4.b3 Bf8g7
5.Bc1b2 O-O
6.d3 c5
7.Nb1d2 Nb8c6
8.a3 Nf6g4
9.Qd1e2 Bg7xb2
10.Ra1a2 Bb2c3
11.h3 Ng4h6
12.Kd1 d4
13.e4 f5
14.e5 e6
15.g3 Nh6f7
16.Bf1g2 Nc6e7
17.Nd2b1 Ne7d5
18.Kc1 b5
19.Nf3d2 Ra8b8
20.Bg2xd5 Qd8xd5
21.Rh1f1 Bc8b7
22.Nd2f3 Bc3a5
23.Qe2d1 c4
24.dxc4 bxc4
25.Qd1xd4 Qd5xd4
26.Nf3xd4 Rf8e8
27.b4 Ba5b6
28.c3 Bb7e4
29.h4 h5
30.Ra2d2 Be4d5
31.Rf1d1 Nf7h6
32.Kb2 Nh6g4
33.Rd2e2 a5
34.b5 Bb6xd4
35.Rd1xd4 Rb8xb5
36.Ka2 Re8b8
37.a4 Rb5xb1
38.Rd4d2 Rb1c1
39.Rd2b2 Rb8xb2
40.Re2xb2 Rc1xc3
41.Rb2b5 Rc3c2
42.Ka1 c3
43.Kb1 Rc2b2
44.Rb5xb2 cxb2
45.Kxb2 Ng4f2
46.Kc3 Nf2e4
47.Kd4 Ne4xg3
48.Kc5 Ng3e2
49.Kb6 Ne2xf4
50.Kxa5 Nf4g2
51.Kb6 Ng2xh4
{ abandon }0-1

[Event "Défi"]
[Site "www.echecsemail.com"]
[Date "2026.01.12"]
[Round "1"]
[White "Tiounet"]
[Black "Woluwe1975"]
[WhiteElo "1620"]
[BlackElo "1640"]
[Result "1-0"]
1.a3 g6
2.b4 Bf8g7
3.Nb1c3 d5
4.Bc1b2 c6
5.Qd1c1 e5
6.g3 Bc8e6
7.Bf1g2 Ng8e7
8.Ng1f3 h6
9.O-O Nb8d7
10.Nc3a4 Qd8c7
11.d3 b5
12.Na4c3 a6
13.e3 O-O-O
14.Nc3e2 Kb7
15.Nf3d2 h5
16.c4 f5
17.cxb5 axb5
18.Ne2c3 h4
19.a4 hxg3
20.fxg3 e4
21.dxe4 bxa4
22.exd5 Ne7xd5
23.Nc3xd5 cxd5
24.Qc1xc7 Kxc7
25.Bb2xg7 Rh8h7
26.Bg7d4 Rd8a8
27.Rf1c1 Kd6
28.Bd4c5 Ke5
29.Nd2f3 Kf6
30.Nf3d4 Be6g8
31.Nd4b5 a3
32.Nb5c7 Ra8a4
33.Nc7xd5 Bg8xd5
34.Bg2xd5 Nd7xc5
35.bxc5 Ke5
36.Bd5g8 Rh7c7
37.c6 Ke4
38.Rc1c3 a2
39.Ra1xa2 Ra4xa2
40.Bg8xa2 Kf3
41.Ba2e6 Ke4
42.Be6d7 g5
43.Kf2 g4
44.Rc3c4 Kd5
45.Rc4f4 Kd6
46.Rf4xf5 Rc7a7
47.e4 Ra7a2
48.Kg1 Ra2a1
49.Rf5f1 Ra1a2
50.Rf1d1 Kc7
51.e5 Ra2e2
52.e6 Re2e5
53.Rd1f1 Re5e4
54.Rf1f4 Re4e1
55.Kf2 Re1a1
56.Rf4xg4 Ra1a2
57.Kg1 Ra2a1
58.Kg2 Ra1a2
59.Kh3 Ra2e2
60.Rg4g7 Kd8
61.e7 Re2xe7
62.Rg7xe7 Kxe7
63.Kg4 { abandon }1-0

[Event "Tournoi n27377"]
[Site "www.echecsemail.com"]
[Date "2026.01.12"]
[Round "1"]
[White "Mokanne"]
[Black "Wenoketo"]
[WhiteElo "1450"]
[BlackElo "1630"]
[Result "0-1"]
1.Ng1f3 e5
2.Nf3xe5 Bf8d6
3.d4 Bd6xe5
4.Bc1e3 Be5f6
5.Be3f4 d6
6.e3 Ng8e7
7.Nb1c3 Ne7g6
8.Bf4g3 O-O
9.Bf1e2 Bc8d7
10.Be2f3 Bd7c6
11.e4 Rf8e8
12.d5 Bc6d7
13.O-O Bf6xc3
14.bxc3 Nb8a6
15.a3 Na6c5
16.h3 Nc5xe4
17.Bf3xe4 Re8xe4
18.f3 Re4e7
19.Qd1d2 Qd8e8
20.Rf1e1 Re7xe1
21.Ra1xe1 Qe8f8
22.Kf2 Ra8e8
23.Re1d1 Re8e7
24.c4 Qf8e8
25.Rd1e1 Re7xe1
26.Qd2xe1 Qe8xe1
27.Kxe1 b6
28.Kd2 Kf8
29.f4 Bd7f5
30.c3 Ke7
31.Ke3 h5
32.Bg3f2 Ng6f8
33.g3 Bf5xh3
34.Ke2 Bh3g4
35.Ke3 Nf8h7
36.Kd2 Nh7f6
37.Bf2e3 Nf6e4
38.Kd3 Ne4xg3
39.Be3f2 Ng3f5
40.Ke4 g6
41.Kd3 h4
42.Kd2 h3
43.Bf2g1 Nf5h4
44.Ke3 Nh4f3
45.Kf2 Nf3d2
46.Kg3 f5
47.c5 bxc5
48.Kf2 Nd2b1
49.Kg3 Nb1xc3
{ abandon }0-1

[Event "Défi"]
[Site "www.echecsemail.com"]
[Date "2026.01.12"]
[Round "1"]
[White "Fr7d"]
[Black "Intrigue"]
[WhiteElo "1630"]
[BlackElo "1720"]
[Result "0-1"]
1.e4 c5
2.Nb1c3 Nb8c6
3.d3 e5
4.Ng1f3 Ng8f6
5.Bc1e3 d6
6.Bf1e2 Bf8e7
7.O-O O-O
8.Qd1d2 Nc6d4
9.Be3xd4 cxd4
10.Nc3d5 Nf6xd5
11.exd5 Bc8g4
12.h3 Bg4h5
13.c3 dxc3
14.Qd2xc3 Ra8c8
15.Qc3d2 Be7g5
16.Nf3xg5 Bh5xe2
17.Qd2xe2 Qd8xg5
18.Ra1c1 h6
19.b4 b5
20.Rc1xc8 Rf8xc8
21.Qe2d1 a6
22.d4 Rc8c3
23.f3 Qg5e3
24.Kh1 exd4
25.Rf1e1 Qe3f4
26.a4 d3
27.axb5 axb5
28.Kg1 Qf4xb4
29.Kf1 Qb4c4
30.g4 Qc4xd5
31.Kg2 d2
32.Re1e2 Qd5xf3
33.Kg1 Qf3xh3
34.Re2xd2 Rc3g3
35.Kf2 Qh3g2
36.Ke1 Rg3e3
37.Rd2e2 Qg2g1
38.Kd2 Qg1xd1
39.Kxd1 Re3xe2
40.Kxe2 g6
41.Kd3 f5
42.gxf5 gxf5
43.Ke3 b4
44.Kd3 f4
45.Ke4 b3
46.Kxf4 b2
{ abandon }0-1

[Event "Défi( 10J+24H/c 10J Max )"]
[Site "www.echecsemail.com"]
[Date "2026.01.12"]
[Round "1"]
[White "4x4"]
[Black "Ys07"]
[WhiteElo "1460"]
[BlackElo "1420"]
[Result "1-0"]
1.e4 e5
2.d3 g5
3.Nb1c3 c6
4.Ng1f3 f6
5.Bc1e3 h6
6.Qd1d2 Bf8b4
7.O-O-O Qd8a5
8.Qd2e1 b5
9.Be3d2 d6
10.a3 Bb4c5
11.Nc3a2 Qa5a4
12.Na2c3 Qa4a5
13.Nc3a2 Bc8e6
14.Bd2xa5 Be6xa2
15.b4 Bc5b6
16.Qe1c3 Ng8e7
17.Kd2 d5
18.Qc3b2 Bb6xf2
19.Qb2xa2 d4
20.Bf1e2 Bf2e3
21.Ke1 Nb8a6
22.h3 c5
23.g4 Ne7c6
24.Qa2e6 Nc6e7
25.Qe6xa6 O-O
26.Qa6xb5 Be3f4
27.c4 Bf4g3
28.Kf1 Kg7
29.bxc5 Ra8b8
30.Qb5d7 Kf7
31.Ba5c7 Rb8a8
32.Bc7d6 Ra8e8
33.Bd6xe7 Re8xe7
34.Qd7d5 Ke8
35.Rd1b1 f5
36.Rb1b8 1-0

[Event "Défi"]
[Site "www.echecsemail.com"]
[Date "2026.01.12"]
[Round "1"]
[White "Cocodou"]
[Black "Albescab"]
[WhiteElo "1640"]
[BlackElo "1650"]
[Result "0-1"]
1.c4 e5
2.Nb1c3 Bf8b4
3.Nc3d5 Bb4c5
4.a3 Qd8h4
5.Ng1h3 Qh4xc4
6.Nd5xc7 Kf8
7.Nc7xa8 Ng8f6
8.d3 Qc4h4
9.e3 d6
10.Na8c7 g6
11.Qd1e2 Kg7
12.Nc7b5 a6
13.Nb5c3 d5
14.Bc1d2 b5
15.Qe2d1 d4
16.Nc3e4 Nf6xe4
17.dxe4 dxe3
18.Bd2c3 exf2
19.Ke2 Qh4xe4
20.Kd2 Rh8d8
21.Bf1d3 Qe4xg2
22.Qd1f1 Bc8xh3
23.Kc2 Qg2f3
24.Qf1e2 f1Q
25.Ra1xf1 Qf3xe2
26.Bd3xe2 Bh3xf1
27.Rh1xf1 f6
28.h3 Nb8c6
29.Rf1d1 Bc5d4
30.Kb1 Bd4xc3
31.bxc3 Rd8xd1
32.Be2xd1 Kh6
33.Kb2 Kg5
34.Bd1e2 Kh4
35.Be2f1 e4
36.Kc2 g5
37.Kd2 f5
38.Ke3 h5
39.Kf2 f4
40.Kg2 f3
41.Kf2 g4
42.hxg4 hxg4
43.Kg1 e3
44.Kh2 g3
45.Kg1 e2
{ abandon }0-1

[Event "Défi"]
[Site "www.echecsemail.com"]
[Date "2026.01.12"]
[Round "1"]
[White "Tiounet"]
[Black "Hberlioz"]
[WhiteElo "1620"]
[BlackElo "1670"]
[Result "1-0"]
1.a3 d5
2.b4 e5
3.Bc1b2 Bf8d6
4.g3 Bc8e6
5.Bf1g2 Ng8f6
6.Ng1f3 c6
7.Nf3xe5 Bd6xe5
8.Bb2xe5 O-O
9.O-O Nb8d7
10.d3 Nd7xe5
11.Qd1d2 Qd8d7
12.Rf1e1 b5
13.Qd2c3 a6
14.Qc3xe5 Be6h3
15.Bg2h1 Nf6g4
16.Qe5f4 f5
17.Nb1d2 g5
18.Qf4xg5 Kh8
19.Nd2f3 Rf8g8
20.Qg5h4 f4
21.Qh4xh3 fxg3
22.fxg3 Ng4e3
23.Qh3xd7 Ne3xc2
24.Qd7xc6 { abandon }1-0

[Event "Tournoi n27331"]
[Site "www.echecsemail.com"]
[Date "2026.01.12"]
[Round "1"]
[White "Wenoketo"]
[Black "Legrillon"]
[WhiteElo "1690"]
[BlackElo "1690"]
[Result "1-0"]
1.d4 d5
2.Ng1f3 Ng8f6
3.Bc1f4 Nb8c6
4.Nb1d2 Bc8g4
5.e3 h6
6.Bf1e2 e6
7.h3 Bg4xf3
8.Be2xf3 Bf8d6
9.Bf4xd6 Qd8xd6
10.O-O e5
11.dxe5 Qd6xe5
12.c3 O-O
13.Rf1e1 Rf8e8
14.Bf3e2 a6
15.Nd2f3 Qe5d6
16.c4 Nc6e7
17.cxd5 Ne7xd5
18.Be2c4 Ra8d8
19.Bc4xd5 Qd6xd5
20.Qd1xd5 Rd8xd5
21.b3 Nf6e4
22.Ra1d1 c6
23.Rd1xd5 cxd5
24.Nf3d4 Ne4c3
25.a3 h5
26.Nd4f5 g6
27.Nf5d4 Nc3e4
28.Re1c1 Ne4d6
29.Rc1c7 Re8d8
30.Kf1 Kf8
31.Ke2 Ke8
32.Nd4f3 f6
33.Nf3d4 Rd8d7
34.Rc7c1 Nd6f7
35.f3 h4
36.f4 Nf7d6
37.Kf3 Nd6e4
38.b4 Ne4d2
39.Ke2 Nd2e4
40.Rc1c8 Ke7
41.Rc8h8 Ne4g3
42.Kf3 f5
43.Rh8xh4 Ng3h5
44.g4 Nh5f6
45.gxf5 gxf5
46.Nd4xf5 Ke6
47.Nf5d4 Kd6
48.Rh4h6 Rd7f7
49.h4 Ke7
50.a4 Nf6g8
51.Rh6b6 Kd8
52.Nd4e6 Kc8
53.Ne6c5 Rf7c7
54.Rb6d6 Ng8e7
55.Nc5e6 Rc7d7
56.Rd6xd7 Kxd7
57.Ne6c5 Kc6
58.h5 Ne7g8
59.Kg4 a5
60.Nc5d3 b6
61.b5 Kd6
62.Kg5 Ke6
63.f5 Ke7
64.Nd3e5 Ng8f6
65.Ne5g6 Kf7
66.h6 Nf6h7
67.Kf4 Kf6
68.Ng6e5 Ke7
69.Ne5c6 Kf6
70.Nc6a7 Nh7g5
71.Na7c8 Ng5f7
72.Nc8xb6 Nf7xh6
73.Nb6xd5 Kf7
74.b6 { abandon }1-0

[Event "Tournoi n27361"]
[Site "www.echecsemail.com"]
[Date "2026.01.12"]
[Round "1"]
[White "Wenoketo"]
[Black "Aramis"]
[WhiteElo "1640"]
[BlackElo "1560"]
[Result "0-1"]
1.d4 d5
2.Ng1f3 Ng8f6
3.Bc1f4 Nf6e4
4.Nb1d2 Bc8g4
5.e3 Ne4xd2
6.Qd1xd2 Bg4xf3
7.gxf3 Nb8c6
8.a3 a6
9.Ra1c1 e6
10.Bf1h3 Bf8e7
11.Rh1g1 Be7f6
12.c3 Qd8d7
13.Ke2 O-O
14.Rg1g2 Nc6a5
15.Qd2d1 Qd7b5
16.Ke1 Na5c4
17.Rc1b1 Qb5c6
18.Qd1c2 Qc6d7
19.e4 dxe4
20.Qc2xe4 c6
21.Ke2 Rf8e8
22.Rb1g1 g6
23.Qe4c2 Qd7e7
24.Bh3g4 Ra8d8
25.h4 Bf6xh4
26.Bg4h5 Kh8
27.Bh5g4 f5
28.Bg4h3 Bh4f6
29.a4 Re8g8
30.b3 Nc4d6
31.Rg2h2 e5
32.dxe5 Bf6xe5
33.Rg1xg6 Rg8xg6
34.Bh3xf5 Be5xf4
{ abandon }0-1

[Event "Coupe Niveau 1"]
[Site "www.echecsemail.com"]
[Date "2026.01.12"]
[Round "1"]
[White "Antoniof4"]
[Black "Jeff75019"]
[WhiteElo "1550"]
[BlackElo "1390"]
[Result "0-1"]
1.e4 e5
2.f4 Bf8c5
3.Ng1f3 Nb8c6
4.Bf1b5 Ng8f6
5.d3 Bc5b4
6.c3 Bb4a5
7.b4 Ba5b6
8.a4 O-O
9.a5 Bb6f2
10.Kxf2 d6
11.Bb5xc6 bxc6
12.Bc1e3 Nf6g4
13.Ke2 Bc8a6
14.Nb1d2 d5
15.exd5 Qd8xd5
16.Nd2c4 exf4
17.Be3xf4 Qd5e6
18.Nc4e3 Ra8d8
19.c4 f6
20.h3 Ng4xe3
21.Bf4xe3 Rd8e8
22.Qd1d2 f5
23.g3 Qe6g6
24.Kf2 Re8b8
25.Ra1b1 Qg6d6
26.Be3f4 Qd6e7
27.Rh1e1 Qe7f7
28.g4 Rb8d8
29.Nf3e5 Qf7f6
30.b5 Qf6h4
31.Bf4g3 Qh4xh3
32.Ne5xc6 fxg4
33.Ke2 Qh3g2
34.Kd1 Qg2f3
35.Qd2e2 Rd8xd3
36.Kc1 Rd3c3
37.Qe2c2 Rc3xc2
38.Kxc2 Qf3xg3
39.bxa6 Rf8f2
40.Kc1 Qg3c3
{ abandon }0-1

[Event "Coupe Niveau 3"]
[Site "www.echecsemail.com"]
[Date "2026.01.12"]
[Round "1"]
[White "Woluwe1975"]
[Black "Djayphil"]
[WhiteElo "1640"]
[BlackElo "1980"]
[Result "1/2-1/2"]
1.e4 e5
2.Ng1f3 Ng8f6
3.d4 Nf6xe4
4.dxe5 Bf8c5
5.Qd1d5 Bc5xf2
6.Ke2 f5
7.Bc1g5 Ne4xg5
8.Nf3xg5 Qd8xg5
9.Kxf2 Nb8c6
10.Nb1c3 Qg5f4
11.Qd5f3 Qf4xf3
12.gxf3 O-O
13.f4 Nc6d4
14.Bf1d3 c6
15.Ra1g1 b5
16.Nc3e2 Nd4e6
17.Rg1g3 Kh8
18.h4 Ne6c5
19.a3 Ra8b8
20.Rh1g1 Nc5xd3
21.cxd3 Rf8f7
22.d4 b4
23.a4 a5
24.b3 Bc8a6
25.Ke3 Rb8e8
26.Ne2c1 d6
27.Nc1d3 Ba6xd3
28.Kxd3 d5
29.h5 Re8e6
30.Rg1c1 Rf7a7
31.Rg3g5 g6
32.h6 Kg8
33.Rc1c5 Kf8
34.Ke3 Kg8
{ nul }1/2-1/2

[Event "Défi( 10J+24H/c 10J Max )"]
[Site "www.echecsemail.com"]
[Date "2026.01.12"]
[Round "1"]
[White "Jeff75019"]
[Black "Patau"]
[WhiteElo "1440"]
[BlackElo "1700"]
[Result "1/2-1/2"]
1.e4 e5
2.Ng1f3 Nb8c6
3.Bf1c4 Ng8f6
4.Nf3g5 d5
5.exd5 Nc6a5
6.Qd1e2 Na5xc4
7.Qe2xc4 Nf6xd5
8.d3 Bf8e7
9.Ng5f3 Qd8d6
10.Bc1e3 Bc8e6
11.Qc4e4 Be7f6
12.O-O O-O
13.Nb1d2 Nd5xe3
14.fxe3 c6
15.a4 Qd6d5
16.Qe4xd5 Be6xd5
17.e4 Bd5e6
18.c4 Rf8d8
19.Nf3e1 Bf6e7
20.Nd2f3 Be7c5
21.Kh1 f6
22.Ra1b1 Bc5e3
23.Ne1c2 Rd8xd3
24.c5 Be3xc5
25.Nf3e1 Rd3d2
26.b4 Bc5d4
27.Nc2xd4 Rd2xd4
28.a5 Rd4xe4
29.b5 Be6d5
30.Rf1g1 Ra8d8
31.Ne1f3 Re4e2
32.Nf3h4 Bd5e4
33.b6 a6
34.Rb1c1 Rd8d2
35.h3 g5
36.Rc1f1 gxh4
37.Kh2 Re2xg2
38.Rg1xg2 Rd2xg2
{ nul }1/2-1/2

[Event "Transval 2"]
[Site "www.echecsemail.com"]
[Date "2026.01.12"]
[Round "1"]
[White "4x4"]
[Black "Turbo"]
[WhiteElo "1460"]
[BlackElo "1280"]
[Result "1-0"]
1.e4 e5
2.f4 exf4
3.Ng1f3 h6
4.d4 a6
5.Bc1xf4 d6
6.Bf1d3 Ng8f6
7.Nb1c3 b6
8.Qd1d2 c6
9.O-O-O a5
10.Nc3b1 g5
11.Bf4e3 Bf8g7
12.h3 O-O
13.g4 Bc8e6
14.c4 Nb8a6
15.d5 cxd5
16.exd5 Be6d7
17.Qd2f2 Na6b4
18.Be3xb6 Qd8c8
19.a3 Nb4a2
20.Kc2 Qc8b7
21.Nb1c3 Na2xc3
22.bxc3 Bd7a4
23.Kd2 Nf6d7
24.Rd1b1 Qb7c8
25.Bb6d4 Bg7xd4
26.cxd4 Nd7f6
27.Qf2g3 Qc8d7
28.Bd3f5 Qd7e7
29.Rh1e1 Qe7c7
30.Kd3 Qc7a7
31.Qg3xd6 Ra8d8
32.Qd6xf6 Qa7c7
33.Qf6xh6 Ba4c2
34.Kxc2 f6
35.Bf5e6 Rf8f7
36.c5 Rd8f8
37.Qh6g6 Kh8
38.Be6xf7 Qc7xf7
39.Qg6xf7 Rf8xf7
40.Re1e8 Kg7
41.d6 { abandon }1-0

[Event "CC Jan26"]
[Site "www.echecsemail.com"]
[Date "2026.01.12"]
[Round "1"]
[White "Alain64"]
[Black "Eldiablo90"]
[WhiteElo "2060"]
[BlackElo "2790"]
[Result "0-1"]
1.b3 e5
2.Bc1b2 Nb8c6
3.e3 d5
4.Bf1b5 Ng8e7
5.Ng1f3 e4
6.Nf3e5 a6
7.Bb5xc6 Ne7xc6
8.Ne5xc6 Qd8g5
9.f4 Qg5xg2
10.Rh1f1 Bc8g4
11.Qd1c1 Qg2e2
0-1

[Event "Tournoi n27377"]
[Site "www.echecsemail.com"]
[Date "2026.01.12"]
[Round "1"]
[White "Mokanne"]
[Black "Ozon"]
[WhiteElo "1440"]
[BlackElo "1650"]
[Result "0-1"]
1.e4 e5
2.Bf1c4 Ng8f6
3.d3 Nb8c6
4.c3 Bf8c5
5.h3 d6
6.Ng1f3 h6
7.Bc4b3 Nc6a5
8.Bc1d2 Qd8e7
9.Bb3c2 Bc8e6
10.c4 Na5c6
11.Bc2a4 Be6d7
12.O-O O-O-O
13.Bd2c3 Nf6h5
14.Ba4xc6 Bd7xc6
15.b3 a6
16.a3 Qe7f6
17.Nb1d2 Qf6g6
18.Nf3h4 Qg6f6
19.Nh4f3 Kb8
20.b4 Bc5a7
21.Nd2b3 Nh5f4
22.Nb3a5 Bc6d7
23.Qd1c2 Qf6g6
24.Nf3h4 Nf4xh3
25.Kh2 Qg6g4
26.g3 Nh3g5
27.Kg1 f5
28.exf5 b6
29.Na5b3 b5
30.Qc2d2 Bd7c6
31.Nb3a5 Qg4xg3
{ abandon }0-1

[Event "Tournoi n27384"]
[Site "www.echecsemail.com"]
[Date "2026.01.12"]
[Round "1"]
[White "Patau"]
[Black "Tiounet"]
[WhiteElo "1700"]
[BlackElo "1630"]
[Result "0-1"]
1.e4 a6
2.d4 b5
3.c4 bxc4
4.Bf1xc4 e6
5.f4 Bc8b7
6.Nb1c3 Ng8f6
7.Qd1e2 g6
8.Ng1f3 Bf8g7
9.O-O O-O
10.b3 Nb8c6
11.d5 exd5
12.e5 Rf8e8
13.Nc3xd5 Nc6a5
14.Qe2c2 Na5xc4
15.exf6 Bb7xd5
16.fxg7 Nc4a5
17.Qc2c5 Na5xb3
18.axb3 Bd5xb3
19.Bc1b2 d6
20.Qc5g5 Qd8xg5
21.Nf3xg5 Re8e2
22.Rf1f2 Re2xf2
23.Kxf2 a5
24.Ra1e1 a4
25.Bb2a3 c5
26.Re1e7 Ra8f8
27.Re7d7 Rf8e8
28.Rd7xd6 c4
29.Ba3b2 Re8c8
30.Rd6d7 c3
31.Bb2xc3 Rc8xc3
32.Rd7d8 Kxg7
33.Rd8d7 a3
34.Rd7a7 a2
35.f5 Rc3c1
{ abandon }0-1

[Event "Tournoi n27362"]
[Site "www.echecsemail.com"]
[Date "2026.01.12"]
[Round "1"]
[White "Hermite"]
[Black "Mokanne"]
[WhiteElo "1510"]
[BlackElo "1440"]
[Result "1-0"]
1.d4 d5
2.Ng1f3 h6
3.e3 Bc8g4
4.Bf1e2 f6
5.Nf3h4 Bg4xe2
6.Qd1xe2 e6
7.Nh4g6 Rh8h7
8.Qe2b5 Qd8d7
9.Qb5xb7 Qd7c6
10.Qb7c8 Kf7
11.Ng6xf8 Rh7h8
12.Nf8xe6 Qc6xe6
13.Qc8b7 Qe6c6
14.Qb7b3 Ng8e7
15.O-O a6
16.Nb1d2 Nb8d7
17.c4 Ra8b8
18.Qb3c3 dxc4
19.Nd2xc4 Nd7b6
20.b3 Ne7d5
21.Qc3d3 Nd5e7
22.Nc4d2 Qc6b7
23.Nd2f3 g6
24.Bc1b2 Ne7d5
25.e4 Nd5f4
26.Qd3c2 Rh8e8
27.d5 Re8xe4
28.Qc2xe4 Nf4xd5
29.Nf3h4 f5
30.Qe4e5 Rb8e8
31.Qe5g7 Ke6
32.Qg7xg6 Kd7
33.Qg6xf5 Kd8
34.Rf1d1 c6
35.Bb2f6 Kc7
36.Rd1e1 Qb7c8
37.Bf6e5 Kb7
38.Be5d4 Qc8xf5
39.Nh4xf5 Re8d8
40.Bd4xb6 Nd5xb6
41.Nf5xh6 Rd8d7
42.a4 a5
43.b4 Ka6
44.bxa5 Kxa5
45.Ra1b1 Nb6xa4
46.Rb1a1 Kb5
47.Re1b1 Ka5
48.Rb1b3 Rd7d4
49.Nh6f5 Rd4c4
50.Nf5d6 Rc4c5
51.Nd6b7 { abandon }1-0

[Event "Tournoi n27369"]
[Site "www.echecsemail.com"]
[Date "2026.01.12"]
[Round "1"]
[White "Foxie519"]
[Black "Vb83"]
[WhiteElo "1700"]
[BlackElo "1460"]
[Result "0-1"]
1.e4 e6
2.g3 d5
3.e5 Nb8c6
4.Ng1f3 Bf8c5
5.d4 Bc5b4
6.c3 Bb4a5
7.b4 Ba5b6
8.Bf1g2 a6
9.O-O f6
10.a4 f5
11.Kh1 h6
12.Nf3h4 Ng8e7
13.Qd1h5 Kd7
14.Qh5f7 Rh8g8
15.Bc1a3 g5
16.Nh4f3 g4
17.Nf3h4 Qd8f8
18.Qf7xf8 Rg8xf8
19.b5 Nc6a5
20.Nb1d2 c6
21.Ba3xe7 Kxe7
22.Nh4g6 Kf7
23.Ng6xf8 Kxf8
24.f4 gxf3
25.Rf1xf3 Bb6d8
26.Ra1f1 Bd8g5
27.Nd2b1 Na5c4
28.h4 Bg5e7
29.Kh2 h5
30.Bg2h3 Kg7
31.Rf3f4 Nc4e3
32.Rf1f2 cxb5
33.axb5 axb5
34.Nb1d2 Ra8a2
35.Kg1 Ne3d1
36.Rf2h2 Nd1e3
37.Nd2f1 Ra2a1
38.Kf2 Ne3c4
39.Kf3 Ra1a3
40.Rh2c2 b4
41.Nf1e3 b3
42.Rc2c1 b2
43.Rc1b1 Nc4d2
{ abandon }0-1

[Event "Tournoi n27391"]
[Site "www.echecsemail.com"]
[Date "2026.01.12"]
[Round "1"]
[White "Hyden"]
[Black "Tiounet"]
[WhiteElo "1699"]
[BlackElo "1620"]
[Result "0-1"]
1.d4 b5
2.e4 Bc8b7
3.Nb1d2 a6
4.a4 b4
5.Ng1f3 a5
6.Bf1d3 Ng8f6
7.c4 g6
8.e5 Nf6h5
9.Nd2e4 Bf8g7
10.g4 f5
11.exf6 Nh5xf6
12.Ne4c5 Qd8c8
13.Bc1g5 O-O
14.O-O Nf6xg4
15.Rf1e1 Bb7xf3
{ abandon }0-1

[Event "Défi"]
[Site "www.echecsemail.com"]
[Date "2026.01.12"]
[Round "1"]
[White "Vvvv"]
[Black "Dan84"]
[WhiteElo "1650"]
[BlackElo "1600"]
[Result "0-1"]
1.e4 e5
2.Ng1f3 Qd8e7
3.Nb1c3 c6
4.d4 d6
5.dxe5 dxe5
6.h3 h6
7.Bf1d3 Nb8d7
8.O-O b5
9.a3 a5
10.b3 Bc8b7
11.Bc1b2 g5
12.Nc3e2 Bf8g7
13.Ne2g3 Bg7f8
14.Ng3f5 Qe7f6
15.Rf1e1 Ng8e7
16.Bd3xb5 cxb5
17.Nf5d6 Kd8
18.Nd6xb7 Kc7
19.Qd1d3 Kc6
20.Nb7xa5 Ra8xa5
21.Qd3c3 Kb6
22.Nf3xe5 Nd7xe5
23.Qc3xe5 Qf6xe5
24.Bb2xe5 Rh8g8
25.Be5d6 Ne7c6
26.e5 Nc6d4
27.b4 Ra5a8
28.Bd6c5 Bf8xc5
29.bxc5 Kxc5
30.Ra1a2 Kc4
31.Kf1 b4
32.a4 b3
33.cxb3 Kxb3
34.Ra2d2 Ra8xa4
35.Re1b1 Kc3
36.Rd2b2 Rg8e8
37.f4 Kd3
38.Rb2b7 Re8f8
39.Rb7d7 Ke4
40.Rb1e1 Kf5
41.Re1d1 Nd4e6
42.g3 gxf4
43.g4 Kxe5
44.h4 f3
45.Kf2 Kf4
{ abandon }0-1

[Event "Défi"]
[Site "www.echecsemail.com"]
[Date "2026.01.12"]
[Round "1"]
[White "Midas"]
[Black "Vvvv"]
[WhiteElo "1660"]
[BlackElo "1650"]
[Result "0-1"]
1.e4 c5
2.Nb1c3 e6
3.d3 Nb8c6
4.Ng1f3 d5
5.e5 Ng8e7
6.a3 Ne7g6
7.Bf1e2 Bf8e7
8.O-O O-O
9.Bc1d2 a6
10.h3 Qd8c7
11.Qd1c1 f6
12.Bd2f4 Ng6xf4
13.Qc1xf4 fxe5
14.Qf4g3 Be7f6
15.Rf1e1 Qc7e7
16.Nc3a2 b5
17.c3 e4
18.dxe4 dxe4
19.Nf3h2 Bf6h4
20.Qg3g4 Nc6e5
21.Qg4h5 Rf8f5
{ abandon }0-1

[Event "Tournoi n27376"]
[Site "www.echecsemail.com"]
[Date "2026.01.12"]
[Round "1"]
[White "Onetwoyve"]
[Black "Domenico"]
[WhiteElo "1880"]
[BlackElo "1700"]
[Result "1-0"]
1.e4 e5
2.Ng1f3 d6
3.Bf1c4 Bf8e7
4.c3 Ng8f6
5.d3 O-O
6.O-O a6
7.Rf1e1 b5
8.Bc4b3 Bc8b7
9.Bb3c2 c5
10.b3 Nb8d7
11.Bc1b2 Nf6g4
12.d4 exd4
13.cxd4 cxd4
14.Bb2xd4 Be7f6
15.Nb1d2 Nd7e5
16.Qd1e2 Ne5xf3
17.Nd2xf3 Bf6xd4
18.Nf3xd4 Qd8h4
19.h3 Ng4e5
20.Nd4f5 Qh4f6
21.Ra1d1 Qf6g5
22.Rd1xd6 Ra8c8
23.h4 Qg5f4
24.Nf5e7 Kh8
25.Ne7xc8 Bb7xc8
26.Rd6d5 Bc8g4
27.Qe2e3 Qf4f6
28.Bc2d1 Bg4xd1
29.Re1xd1 Ne5g4
30.Qe3g3 Ng4h6
31.Qg3g5 Qf6e6
32.f3 f6
33.Qg5g3 Nh6f7
34.Rd5d7 g6
35.Rd7a7 Nf7e5
36.Rd1c1 Qe6b6
37.Qg3f2 Qb6xf2
38.Kxf2 Ne5d3
39.Ke3 Nd3xc1
40.Ra7xa6 f5
41.e5 Rf8d8
42.e6 Rd8d3
43.Kf4 Nc1e2
44.Kg5 Rd3e3
45.Kf6 h5
46.Kf7 Re3d3
47.e7 Rd3d7
48.Kf8 Ne2f4
49.e8Q Rd7g7
50.Qe8e5 Nf4e6
51.Qe5xe6 { abandon }1-0

[Event "Tournoi n27391"]
[Site "www.echecsemail.com"]
[Date "2026.01.12"]
[Round "1"]
[White "Tiounet"]
[Black "Wenoketo"]
[WhiteElo "1630"]
[BlackElo "1650"]
[Result "1-0"]
1.a3 e5
2.b4 a6
3.Bc1b2 Nb8c6
4.Ng1f3 d6
5.g3 Bc8d7
6.Bf1g2 f6
7.O-O Ng8e7
8.c4 Ne7g6
9.d3 Bf8e7
10.Nb1c3 Qd8c8
11.Nc3d5 O-O
12.Nd5xe7 Ng6xe7
13.Qd1b3 Bd7e6
14.a4 Ne7g6
15.e3 Qc8d7
16.Nf3d2 Nc6e7
17.Bg2xb7 Ra8a7
18.Bb7g2 c6
19.Qb3c3 d5
20.Rf1d1 dxc4
21.Nd2xc4 Qd7c8
22.Nc4d6 Qc8c7
23.Nd6e4 Be6d5
24.Ne4c5 Qc7d6
25.Nc5e4 Kh8
26.Ne4xd6 { abandon }1-0

[Event "Défi( 10J+24H/c 10J Max )"]
[Site "www.echecsemail.com"]
[Date "2026.01.12"]
[Round "1"]
[White "Pascalou50"]
[Black "Cavalierfou"]
[WhiteElo "1790"]
[BlackElo "1820"]
[Result "0-1"]
1.d4 d5
2.Ng1f3 f6
3.Bc1f4 Bc8g4
4.h3 Bg4xf3
5.exf3 e6
6.Bf1d3 Bf8d6
7.Bf4xd6 Qd8xd6
8.c3 a6
9.Nb1d2 Qd6b6
10.Nd2b3 Nb8d7
11.O-O Ng8e7
12.Rf1e1 O-O
13.a4 Rf8e8
14.Qd1c2 f5
15.c4 Ra8c8
16.cxd5 Ne7xd5
17.Qc2c4 Nd5b4
18.Bd3xf5 Nb4d5
19.g3 Nd7f6
20.Bf5g4 h5
21.Ra1b1 hxg4
22.fxg4 Nf6d7
23.g5 g6
24.Qc4d3 Kg7
25.Nb3d2 Qb6b4
26.Nd2f3 Qb4xa4
27.Nf3h4 Nd7f8
28.Nh4f3 Nd5b4
29.Qd3e3 Qa4b5
30.Qe3f4 Nf8h7
31.Qf4h4 Kg8
32.Nf3e5 Nb4d3
33.Ne5xg6 Nd3xe1
34.Rb1xe1 Qb5xb2
35.Ng6f4 Nh7f8
36.Qh4h6 Qb2b4
37.Re1f1 Qb4xd4
38.Nf4h5 Re8e7
39.Nh5f6 Kf7
40.g6 Nf8xg6
41.Nf6g4 Rc8h8
42.Qh6g5 Rh8xh3
43.Rf1e1 Rh3xg3
44.Kf1 Rg3xg4
45.Qg5h5 Rg4h4
46.Qh5f3 Rh4f4
47.Qf3g3 Ng6h4
48.Re1e2 Nh4f3
49.Qg3h3 Qd4d1
50.Kg2 Qd1g1
0-1